A TEXTBOOK OF PHARMACOGNOSY FOR D. PHARMA [ 1ST YEAR STUDENTS] (Record no. 8913)

MARC details
000 -LEADER
fixed length control field 00550nam a22001817a 4500
005 - DATE AND TIME OF LATEST TRANSACTION
control field 20251126174818.0
008 - FIXED-LENGTH DATA ELEMENTS--GENERAL INFORMATION
fixed length control field 251119b |||||||| |||| 00| 0 eng d
020 ## - INTERNATIONAL STANDARD BOOK NUMBER
ISBN 978-93-91-208-83-7
041 ## - LANGUAGE CODE
Language code of text/sound track or separate title eng
082 ## - DEWEY DECIMAL CLASSIFICATION NUMBER
Classification number 615.32 DOH-T
100 ## - MAIN ENTRY--AUTHOR NAME
Personal name DOHARE, SNEH LATA & MATHUR, RIYA AND UDDIN, DR. REHAN
245 ## - TITLE STATEMENT
Title A TEXTBOOK OF PHARMACOGNOSY FOR D. PHARMA [ 1ST YEAR STUDENTS]
250 ## - EDITION STATEMENT
Edition statement 1ST ED, 2023
260 ## - PUBLICATION, DISTRIBUTION, ETC. (IMPRINT)
Place of publication NEW DELHI
Name of publisher IP INNOVATIVE PUBLICATION PVT LTD
Year of publication 2025
300 ## - PHYSICAL DESCRIPTION
Number of Pages 145;P
650 ## - SUBJECT ADDED ENTRY--TOPICAL TERM
Topical Term PHARMACY
General subdivision D. PHARMA
942 ## - ADDED ENTRY ELEMENTS (KOHA)
Koha item type Books
Holdings
Lost status Damaged status Collection code Home library Current library Date acquired Source of acquisition Cost, normal purchase price Full call number Accession Number Koha item type
    PHARMACY JRU Library JRU Library 14/11/2025 PURCHASE 425.00 615.32 29021 Books